| 000 | 01842nam a2200385 i 4500 | ||
|---|---|---|---|
| 001 | 200459325 | ||
| 003 | TR-AnTOB | ||
| 005 | 20250116103611.0 | ||
| 007 | ta | ||
| 008 | 240130s2023 tu b 000 0 tur d | ||
| 020 |
_a9786052642153 _q(paperback) |
||
| 035 | _a(TR-AnTOB)200459325 | ||
| 040 |
_aTR-AnTOB _beng _erda _cTR-AnTOB |
||
| 041 | 0 | _atur | |
| 050 |
_aKKX2578 _b.U8833 2023 |
||
| 090 |
_aKKX2578 _b.U8833 2023 |
||
| 100 | 1 |
_aUstabulut, Batuhan _eauthor _9144795 |
|
| 245 | 1 | 0 |
_aABD ve Türkiye'de yasama ve yürütme fonksiyonları çerçevesinde yürütmenin düzenleyici işlem yapma yetkisi / _cDr. Batuhan Ustabulut. |
| 246 | 1 | 0 | _aYürütmenin düzenleyici işlem yapma yetkisi |
| 250 | _aBirinci baskı. | ||
| 264 | 1 |
_aAnkara : _bAdalet Yayınevi, _c2023. |
|
| 300 |
_a303 pages ; _c24 cm |
||
| 336 |
_atext _btxt _2rdacontent |
||
| 337 |
_aunmediated _bn _2rdamedia |
||
| 338 |
_avolume _bnc _2rdacarrier |
||
| 490 |
_aHukuk Yayınları dizisi ; _v3400 |
||
| 504 | _aBIB | ||
| 505 | 0 | _aYasama ve yürütme fonksiyonları -- ABD'de yürütmenin güçlendirilmesi eğilimi ve yürütmenin düzenleyici işlemleri -- Türkiye'de yürütmenin güçlendirilmesi eğilimi ve 2017 anayasa değişikleri öncesinde yürütmenin düzenleyici işlemleri -- 2017 anayasa değişiklikleri sonrasında yürütmenin düzenleyici işlem yapma yetkisi -- Yürütmenin mahfuz alana sahip olup olmadığı tartışması. | |
| 650 | 7 |
_aYürütme gücü _2etuturkob _946980 |
|
| 650 | 0 |
_aYürütme gücü _zTürkiye _933652 |
|
| 650 | 7 |
_aYürütme gücü _zAmerika Birleşik Devletleri _2etuturkob _992343 |
|
| 856 | 4 | 0 |
_3Turcademy (Also available online) _zOnline access link to the resource _uhttps://www.turcademy.com/en/kitap/yurutmenin-duzenleyici-islem-yapma-yetkisi-9786052642153 |
| 942 |
_2lcc _cBK |
||
| 999 |
_c200459325 _d77537 |
||